000 01075nam a2200289 a 4500
001 ebr10014652
003 CaPaEBR
006 m u
007 cr cn|||||||||
008 011012s2000 enka s 000 0 eng
020 _z1841500410
020 _z1841508144
040 _aCaPaEBR
_cCaPaEBR
035 _a(OCoLC)70756968
050 1 4 _aN72.T4
_bA778 2000eb
082 0 4 _a700/.1/05
_221
245 0 0 _aArt, technology, consciousness
_h[electronic resource] :
_bmind@large /
_cedited by Roy Ascott.
260 _aBristol, UK ;
_aPortland, OR :
_bIntellect,
_c2000.
300 _a204 p. :
_bill.
533 _aElectronic reproduction.
_bPalo Alto, Calif. :
_cebrary,
_d2013.
_nAvailable via World Wide Web.
_nAccess may be limited to ebrary affiliated libraries.
650 0 _aArt and technology.
650 0 _aConsciousness in art.
655 7 _aElectronic books.
_2local
700 1 _aAscott, Roy.
710 2 _aebrary, Inc.
856 4 0 _uhttp://site.ebrary.com/lib/rucke/Doc?id=10014652
_zAn electronic book accessible through the World Wide Web; click to view
999 _c13204
_d13204